| 000 | 00000nam##2200000za#4500 |
| 001 | 9.630696 |
| 003 | CaOODSP |
| 005 | 20210624213949 |
| 007 | cr ||||||||||| |
| 008 | 150407|1996||||xxc|||||o f|0| 0 fre|d |
| 040 | |aCaOODSP|bfre |
| 043 | |an-cn--- |
| 086 | 1 |aSW21-81/1996F-IN |
| 110 | 1 |aCanada. |bCondition féminine Canada. |
| 245 | 10|aTable ronde sur le tourisme sexuel impliquant des enfants : |h[ressource électronique]|ble 6 décembre 1996, Vancouver, Canada : rapport sommaire |
| 260 | |aOttawa - Ontario : |bCondition féminine Canada |c1996. |
| 300 | |a13p. |
| 590 | |a06-10-Supp|b2006-12-15 |
| 691 | 07|aEnfant|2gcpds |
| 691 | 07|aPornographie|2gcpds |
| 691 | 07|aViolence faite aux enfants|2gcpds |
| 775 | 08|tRound Table On Child Sex Tourism : |w(CaOODSP)9.686189 |
| 856 | 40|ahttp://publications.gc.ca|qPDF|s44 KB|uhttps://publications.gc.ca/collections/Collection/SW21-81-1996F.pdf |